| 000 | 00890nas a2200313 4500 | ||
|---|---|---|---|
| 001 | BR0102617 | ||
| 003 | BR-BrBNA | ||
| 005 | 20231205102245.0 | ||
| 007 | ta | ||
| 008 | 230509b bl.|||p| |||| 00| 00por d | ||
| 040 |
_aBR-BrBNA _bpor _cBiblioteca Nacional de Agricultura |
||
| 041 | _a(Pt) | ||
| 072 | _aL02 | ||
| 100 | 1 | _aSilva, J.H.V. da | |
| 100 | 1 | _aAlbino, L.F.T. | |
| 100 | 1 | _aGodoi, M.J. de S. | |
| 245 | 1 | _aEfeito do extrato de urucum na pigmentacao de gema dos ovos | |
| 650 | _aGema de Ovo | ||
| 650 | _aUrucum | ||
| 650 | _aNutricao Animal | ||
| 650 | _aMilho | ||
| 650 | _aSorgo | ||
| 650 | _aPigmentacao | ||
| 650 | _aFrango de Corte | ||
| 650 | _aMinas Gerais | ||
| 773 | 0 |
_tRevista Brasileira de Zootecnia (Brazil) _xISSN 1516-3598 _g(Sep-Oct 2000), v. 29(5) p. 1435-1439 _wBR0102617 |
|
| 909 |
_a202311 _bLúcia _c55 _dLúcia Elande |
||
| 942 |
_2AGRIS _n0 _cANA |
||
| 999 |
_c166603 _d166603 |
||